| 000 | 00438cam a2200181ua 4500 | ||
|---|---|---|---|
| 020 | _c2.50 | ||
| 041 |
_ahin _h |
||
| 082 |
_a891.54 _bRAM/GO |
||
| 100 | _aRachandra, Shukla . | ||
| 245 |
_aGoswami Tulasidas / _cRamchandra shukla. _hTextual Documents |
||
| 250 |
_a1 / _b. |
||
| 260 |
_aKashi : _bNagari pracharini sabha , _c1958. |
||
| 300 | _a158 ; . | ||
| 365 | _a2.50 | ||
| 504 | _a | ||
| 942 | _cBK | ||
| 999 |
_c8438 _d8438 |
||